000 00691nam a2200229Ia 4500
005 20250108124839.0
008 008 250107s9999 xx 000 0 eng d
020 _a978-0-19-809930-7
037 _aTB
040 _aCRL
_beng
_cCRL
041 _aeng
_2eng
084 _aNA44,3 R1
084 _qCRL
100 _aSingh Youd Vir Au.; Pani S Rama Devi Au.
_9729974
245 0 _aBiblography of doctoral dissertations humanities 2018
_cSingh Youd Vir Au.; Pani S Rama Devi Au.
260 _aNew Delhi, India
_bAssociation of India Universities
_c2420
300 _aiv,92p.
365 _aINR
_b171
650 _aARTS
942 _cTB
_hNA44,3 R1
999 _c1234808
_d1234808